The Use of NMR to measure crosslink densities in elastomer blends to enhance properties (Record no. 71133)

MARC details
000 -LEADER
fixed length control field 00431nam a2200145Ia 4500
100 ## - MAIN ENTRY--AUTHOR NAME
Personal name Cook S
245 #4 - TITLE STATEMENT
Title The Use of NMR to measure crosslink densities in elastomer blends to enhance properties
260 ## - PUBLICATION, DISTRIBUTION, ETC. (IMPRINT)
Name of publisher Kautschuk Gummi Kunststoffe
Year of publication 1999
300 ## - PHYSICAL DESCRIPTION
Number of Pages 350-358
650 ## - SUBJECT ADDED ENTRY--TOPICAL TERM
Topical Term Crosslink densities
650 ## - SUBJECT ADDED ENTRY--TOPICAL TERM
Topical Term Elastomer blends
650 ## - SUBJECT ADDED ENTRY--TOPICAL TERM
Topical Term Swollen-state NMR
942 ## - ADDED ENTRY ELEMENTS (KOHA)
Koha item type Journals
Holdings
Withdrawn status Lost status Damaged status Not for loan Home library Current library Shelving location Date acquired Serial Enumeration / chronology Koha item type
      Journals RRII Library RRII Library Rubber chemistry 17/12/2021 Volume 13, Issue 1 Journals